000 00548nam a2200181Ia 4500
005 20250508150658.0
008 008 250505s9999 xx 000 0 eng d
037 _aTextual
040 _aFEDL
_beng
_cFEDL
041 _aeng
_2eng
084 _a372.947, FED
_qFEDL
100 _aFediaevsky Vera
_9757354
245 0 _aNursery school and parent education in Soviet Russia
260 _aLondon, UK
_bKegan Paul, Trench, Trubner and Co Ltd
_c1936
300 _axx,265p
942 _cTEXL
_h372.947, FED
999 _c1325002
_d1325002